| 000 | 00496nam a2200193 a 4500 | ||
|---|---|---|---|
| 001 | 1773825107048 | ||
| 003 | YourLibrary | ||
| 005 | 20260318144534.0 | ||
| 008 | 260318s2016##################000#0#eng## | ||
| 020 | _a9788171396863 | ||
| 082 | 0 | 4 | _a338.10820954VIJ |
| 100 | 1 |
_aSinha, Vijoy K., _eauthor. |
|
| 245 | 1 | 0 | _aWomen and Agriculture : |
| 260 | _c2016. | ||
| 300 | _a296 pages | ||
| 650 | 0 | _aWomen agricultural laborers. | |
| 942 | _cENGLISH | ||
| 040 |
_aYourLibrary _beng _cYourLibrary |
||
| 999 |
_c617832 _d617832 |
||